Victoria's year : (Record no. 16735)

MARC details
000 -LEADER
fixed length control field 01333pam a2200337 a 4500
001 - CONTROL NUMBER
control field 2895166
003 - CONTROL NUMBER IDENTIFIER
control field EG-ScBUE
005 - DATE AND TIME OF LATEST TRANSACTION
control field 20210322110516.0
008 - FIXED-LENGTH DATA ELEMENTS--GENERAL INFORMATION
fixed length control field 870602t1987 enkaf f b 001 0 eng d
020 ## - INTERNATIONAL STANDARD BOOK NUMBER
International Standard Book Number 0195049225 (alk. paper)
020 ## - INTERNATIONAL STANDARD BOOK NUMBER
International Standard Book Number 9780195049220
040 ## - CATALOGING SOURCE
Original cataloging agency DLC
Language of cataloging eng
Description conventions rda
Transcribing agency DLC
Modifying agency DLC
-- EG-ScBUE
082 04 - DEWEY DECIMAL CLASSIFICATION NUMBER
Classification number 820.9008
Item number STE
Edition number 22
100 1# - MAIN ENTRY--PERSONAL NAME
Personal name Stein, Richard L.,
Relator term author.
9 (RLIN) 29945
245 10 - TITLE STATEMENT
Title Victoria's year :
Remainder of title English literature and culture, 1837-1838 /
Statement of responsibility, etc Richard L. Stein.
264 #1 - PUBLICATION, DISTRIBUTION, ETC. (IMPRINT)
Place of publication, distribution, etc Oxford ;
-- New York :
Name of publisher, distributor, etc Oxford University Press,
Date of publication, distribution, etc [1987]
264 #4 - PUBLICATION, DISTRIBUTION, ETC. (IMPRINT)
Date of publication, distribution, etc c1987
300 ## - PHYSICAL DESCRIPTION
Extent xiii, 314 pages, [32] pages of plates :
Other physical details illustrations ;
Dimensions 22 cm
336 ## - CONTENT TYPE
Source rdacontent
Content type term text
Content type code txt
337 ## - MEDIA TYPE
Source rdamedia
Media type term unmediated
Media type code n
338 ## - CARRIER TYPE
Source rdacarrier
Carrier type term volume
Carrier type code nc
504 ## - BIBLIOGRAPHY, ETC. NOTE
Bibliography, etc Includes bibliographical references and index.
600 07 - SUBJECT ADDED ENTRY--PERSONAL NAME
Personal name Victoria,
Titles and other words associated with a name Queen of Great Britain,
Dates associated with a name 1819-1901
General subdivision Coronation.
Source of heading or term BUEsh
9 (RLIN) 29946
650 #7 - SUBJECT ADDED ENTRY--TOPICAL TERM
Topical term or geographic name as entry element English literature
Chronological subdivision 19th century
General subdivision History and criticism.
9 (RLIN) 29947
Source of heading or term BUEsh
650 #7 - SUBJECT ADDED ENTRY--TOPICAL TERM
Topical term or geographic name as entry element Coronations
Geographic subdivision Great Britain
General subdivision History
Chronological subdivision 19th century.
Source of heading or term BUEsh
9 (RLIN) 29948
651 #7 - SUBJECT ADDED ENTRY--GEOGRAPHIC NAME
Geographic name Great Britain
General subdivision Civilization
Chronological subdivision 19th century.
Source of heading or term BUEsh
9 (RLIN) 29949
651 #7 - SUBJECT ADDED ENTRY--GEOGRAPHIC NAME
Geographic name Great Britain
General subdivision History
Chronological subdivision Victoria, 1837-1901.
Source of heading or term BUEsh
9 (RLIN) 29950
653 ## - INDEX TERM--UNCONTROLLED
Arrived date list May2012
Resource For college Humanities: English
655 ## - INDEX TERM--GENRE/FORM
Form subdivision Reading book
9 (RLIN) 34232
942 ## - ADDED ENTRY ELEMENTS (KOHA)
Source of classification or shelving scheme Dewey Decimal Classification
Koha item type Book - Borrowing
Holdings
Withdrawn status Lost status Source of classification or shelving scheme Damaged status Not for loan Collection code Home library Current library Shelving location Date acquired Cost, normal purchase price Serial Enumeration / chronology Total Checkouts Total Renewals Full call number Barcode Date last seen Date checked out Price effective from Koha item type
    Dewey Decimal Classification     Baccah Central Library Central Library Second Floor 08/05/2012 1026.00 15016 1 8 820.9008 STE 000026771 15/07/2025 18/01/2022 08/05/2012 Book - Borrowing